Methodische und Sprachwissenschaftliche Beiträge

Salvato in:
Dettagli Bibliografici
Natura: Libro
Lingua:tedesco
Pubblicazione: Berlin Hochschule für Ökonomie "Bruno Leuschner" 1983
Serie:Forschungsinformationen des Instituts Fremdsprachen Heft 5/83
Tags: Aggiungi Tag
Nessun Tag, puoi essere il primo ad aggiungerne!!

MARC

LEADER 00000nam a2200000 4500
001 c115370
005 20260128074218.6
041 0 |a ger 
044 |a DE 
245 1 0 |a Methodische und Sprachwissenschaftliche Beiträge 
264 1 |a Berlin  |b Hochschule für Ökonomie "Bruno Leuschner"  |c 1983 
300 |a 141 s. 
490 1 |a Forschungsinformationen des Instituts Fremdsprachen  |v Heft 5/83 
830 0 |a Forschungsinformationen des Instituts Fremdsprachen  |v Heft 5/83